000 00532nam a2200181Ia 4500
008 090630s9999 xx 000 0 und d
082 _b16758
100 _aपै शिरीष.
245 _aरानपाखरे.
_cपै शिरीष.
260 _bमनोरमा - मुंबई.
300 _a0
600 _aपै शिरीष.
630 _aरानपाखरे.
655 _aलघुकथा.
700 _aपै शिरीष.
730 _aरानपाखरे.
942 _cBOOK
999 _c268614
_d268614